EA FC25 NumeroFUT - Statistics

General Stats
  • This quiz has been taken 14 times
  • The average score is 22 of 65
Answer Stats
Rate Club Nation Answer % Correct
92 Atletico Madrid France Antoine Griezmann
92%
92 Milan Portugal Rafael Leao
92%
92 Barcelona Poland Robert Lewandowski
83%
91 Real Madrid France Eduardo Camavinga
75%
91 Arsenal Brazil Gabriel Martinelli
75%
91 Real Madrid Brazil Eder Militao
67%
91 Man City England Kyle Walker
67%
91 Liverpool Brazil Alisson
58%
90 Rayo Vallecano Colombia James Rodriguez
58%
90 Everton England Jordan Pickford
50%
90 Brighton England Lewis Dunk
50%
89 Juventus Serbia Dusan Vlahovic
42%
89 Man United Brazil Geyse
42%
88 Spurs England James Maddison
42%
90 Man City Netherlands Jill Roord
42%
89 Man City England John Stones
42%
89 Chelsea Portugal Pedro Neto
42%
89 Dortmund Germany Waldemar Anton
42%
89 Dortmund Brazil Yan Couto
42%
90 Real Sociedad Spain Alex Remiro
33%
90 Lyon Chile Christiane Endler
33%
87 Girona Spain David Lopez
33%
89 Inter Netherlands Denzel Dumfries
33%
86 Sevilla Belgium Dodi Lukebakio
33%
88 Villarreal Ivory Coast Eric Bailly
33%
87 PSG Portugal Goncalo Ramos
33%
89 Leverkusen Germany Jonathan Tah
33%
90 Atalanta Colombia Juan Cuadrado
33%
90 Frankfurt Germany Kevin Trapp
33%
88 Leipzig Germany Lukas Klostermann
33%
87 PSG Spain Marco Asensio
33%
87 Lazio France Matteo Guendouzi
33%
89 Feyenoord Netherlands Quinten Timber
33%
87 Wolves Algeria Rayan Ait-Nouri
33%
87 Brentford DR Congo Yoane Wissa
33%
90 Barcelona Spain Alex Balde
25%
88 Stuttgart Germany Angelo Stiller
25%
89 Napoli Scotland Billy Gilmour
25%
87 Real Madrid Scotland Caroline Weir
25%
88 Nice Brazil Dante
25%
87 Arsenal USA Emily Fox
25%
87 Roma Ivory Coast Evan Ndicka
25%
87 Gladbach Japan Ko Itakura
25%
86 Marseille Argentina Leonardo Balerdi
25%
90 Bayern Germany Leon Goretzka
25%
88 PSV Netherlands Luuk de Jong
25%
90 Barcelona Spain Mapi Leon
25%
88 Chelsea England Millie Bright
25%
88 Monaco Brazil Vanderson
25%
86 Nantes Brazil Douglas Augusto
17%
86 Como Brazil Gabriel Strefezza
17%
88 Portland Timbers Japan Hina Sugita
17%
87 Wolfsburg Germany Janina Minge
17%
86 Bay FC Scotland Jen Beattie
17%
88 OL Reign Wales Jess Fishlock
17%
89 Spurs England Jessica Naz
17%
88 Ajax Netherlands Jorrel Hato
17%
87 Real Betis Spain Juanmi
17%
87 Leverkusen Germany Kristin Kogel
17%
88 Man United England Leah Galton
17%
86 Paris FC France Mathilde Bourdieu
17%
90 Washington Spirit France Ouleymata Sarr
17%
86 Toulouse Switzerland Vincent Sierro
17%
87 Aston Villa England Jordan Nobbs
8%
86 Utrecht Netherlands Mike van der Hoorn
8%
No matching quizzes found
Score Distribution
Percent of People with Each Score
Percentile by Number Answered
Your Score History
You have not taken this quiz